<?xml version="1.0" encoding="UTF-8"?>
<record
    xmlns:xsi="http://www.w3.org/2001/XMLSchema-instance"
    xsi:schemaLocation="http://www.loc.gov/MARC21/slim http://www.loc.gov/standards/marcxml/schema/MARC21slim.xsd"
    xmlns="http://www.loc.gov/MARC21/slim">

  <leader>01667nam a2200325 a 4500</leader>
  <controlfield tag="001">000017883</controlfield>
  <controlfield tag="003">DO-SdBPM</controlfield>
  <controlfield tag="005">20250919124230.0</controlfield>
  <controlfield tag="007">ta</controlfield>
  <controlfield tag="008">100407s2014    dr ad         000 0 spa d</controlfield>
  <datafield tag="040" ind1=" " ind2=" ">
    <subfield code="a">DO-SdBPM</subfield>
    <subfield code="b">spa</subfield>
    <subfield code="c">BPMSU </subfield>
    <subfield code="d">rda</subfield>
  </datafield>
  <datafield tag="082" ind1=" " ind2="4">
    <subfield code="a">317.2932</subfield>
    <subfield code="b">R426p 2014</subfield>
    <subfield code="2">22</subfield>
  </datafield>
  <datafield tag="092" ind1=" " ind2=" ">
    <subfield code="a"> </subfield>
    <subfield code="b"> </subfield>
  </datafield>
  <datafield tag="110" ind1="2" ind2=" ">
    <subfield code="a">Rep&#xFA;blica Dominicana </subfield>
    <subfield code="b">Oficina Nacional de Estad&#xED;stica</subfield>
  </datafield>
  <datafield tag="245" ind1="0" ind2="0">
    <subfield code="a">Perfiles estad&#xED;sticos provinciales : </subfield>
    <subfield code="b">regiones Valdesia - Ozama /</subfield>
    <subfield code="c">presentaci&#xF3;n Pablo Tactuk.</subfield>
  </datafield>
  <datafield tag="264" ind1=" " ind2=" ">
    <subfield code="a">Santo Domingo :</subfield>
    <subfield code="b">Fondo de las Naciones Unidas para la Infancia ;</subfield>
    <subfield code="b">Oficina Nacional de Estad&#xED;stica,</subfield>
    <subfield code="c">2014</subfield>
  </datafield>
  <datafield tag="300" ind1=" " ind2=" ">
    <subfield code="a">169 p&#xE1;ginas  :</subfield>
    <subfield code="b">ilustraci&#xF3;n, diagramas ;</subfield>
    <subfield code="c">28 cm.</subfield>
  </datafield>
  <datafield tag="336" ind1=" " ind2=" ">
    <subfield code="a">texto</subfield>
    <subfield code="b">txt</subfield>
    <subfield code="2">rdacontent</subfield>
  </datafield>
  <datafield tag="337" ind1=" " ind2=" ">
    <subfield code="a">sin mediaci&#xF3;n</subfield>
    <subfield code="b">n</subfield>
    <subfield code="2">rdamedia</subfield>
  </datafield>
  <datafield tag="338" ind1=" " ind2=" ">
    <subfield code="a">volumen</subfield>
    <subfield code="b">nc</subfield>
    <subfield code="2">rdacarrier</subfield>
  </datafield>
  <datafield tag="505" ind1="0" ind2=" ">
    <subfield code="a">La Oficina Nacional de Estad&#xED;stica (ONE), a trav&#xE9;s de su  Departamento de Coordinaci&#xF3;n Estad&#xED;stica, presenta los perfiles estad&#xED;sticos provinciales los cuales son una  recopilaci&#xF3;n de informaciones estad&#xED;sticas e indicadores  sobre la situaci&#xF3;n socio-econ&#xF3;mica, demogr&#xE1;fica y medioambiental de las provincias  de la Rep&#xFA;blica Dominicana.</subfield>
  </datafield>
  <datafield tag="590" ind1=" " ind2=" ">
    <subfield code="a">Inventariado, 2025/VM</subfield>
  </datafield>
  <datafield tag="651" ind1=" " ind2="7">
    <subfield code="a">Valdesia (Rep&#xFA;blica Dominicana : Provincia) </subfield>
    <subfield code="x">Poblaci&#xF3;n </subfield>
    <subfield code="x">Estad&#xED;stica </subfield>
  </datafield>
  <datafield tag="651" ind1=" " ind2="7">
    <subfield code="a">Valdesia (Rep&#xFA;blica Dominicana : Provincia) </subfield>
    <subfield code="x">Condiciones econ&#xF3;mica </subfield>
  </datafield>
  <datafield tag="651" ind1=" " ind2="4">
    <subfield code="a">Valdesia (Rep&#xFA;blica Dominicana : Regi&#xF3;n )</subfield>
    <subfield code="x">Condiciones sociales</subfield>
  </datafield>
  <datafield tag="651" ind1=" " ind2="4">
    <subfield code="a">Ozama (Rep&#xFA;blica Dominicana : Regi&#xF3;n) </subfield>
    <subfield code="x">Poblaci&#xF3;n </subfield>
    <subfield code="x">Estad&#xED;stica</subfield>
  </datafield>
  <datafield tag="700" ind1="1" ind2="2">
    <subfield code="a">Tactuk, Pablo</subfield>
    <subfield code="e">presentaci&#xF3;n </subfield>
  </datafield>
  <datafield tag="910" ind1=" " ind2=" ">
    <subfield code="a">VMateo V.  Control de calidad BPMSU </subfield>
  </datafield>
  <datafield tag="942" ind1=" " ind2=" ">
    <subfield code="2">ddc</subfield>
    <subfield code="c">BK</subfield>
  </datafield>
  <datafield tag="952" ind1=" " ind2=" ">
    <subfield code="0">0</subfield>
    <subfield code="1">0</subfield>
    <subfield code="2">ddc</subfield>
    <subfield code="7">0</subfield>
    <subfield code="8">CD</subfield>
    <subfield code="a">BPMET</subfield>
    <subfield code="b">BPMET</subfield>
    <subfield code="d">2025-09-19</subfield>
    <subfield code="l">0</subfield>
    <subfield code="o">BPMSU CD 317.2932 R426p 2014</subfield>
    <subfield code="p">BPMSU25090098</subfield>
    <subfield code="r">2025-09-19</subfield>
    <subfield code="w">2025-09-19</subfield>
    <subfield code="y">BK</subfield>
  </datafield>
  <datafield tag="952" ind1=" " ind2=" ">
    <subfield code="0">0</subfield>
    <subfield code="1">0</subfield>
    <subfield code="2">ddc</subfield>
    <subfield code="7">0</subfield>
    <subfield code="8">CD</subfield>
    <subfield code="a">BPMET</subfield>
    <subfield code="b">BPMET</subfield>
    <subfield code="d">2025-09-19</subfield>
    <subfield code="l">0</subfield>
    <subfield code="o">BPMSU CD 317.2932 R426p 2014</subfield>
    <subfield code="p">BPMSU25090099</subfield>
    <subfield code="r">2025-09-19</subfield>
    <subfield code="t">e.2</subfield>
    <subfield code="w">2025-09-19</subfield>
    <subfield code="y">BK</subfield>
  </datafield>
  <datafield tag="952" ind1=" " ind2=" ">
    <subfield code="0">0</subfield>
    <subfield code="1">0</subfield>
    <subfield code="2">ddc</subfield>
    <subfield code="7">0</subfield>
    <subfield code="8">CD</subfield>
    <subfield code="a">BPMET</subfield>
    <subfield code="b">BPMET</subfield>
    <subfield code="d">2025-09-19</subfield>
    <subfield code="l">0</subfield>
    <subfield code="o">BPMSU CD 317.2932 R426p 2014</subfield>
    <subfield code="p">BPMSU25090100</subfield>
    <subfield code="r">2025-09-19</subfield>
    <subfield code="t">e.3</subfield>
    <subfield code="w">2025-09-19</subfield>
    <subfield code="y">BK</subfield>
  </datafield>
  <datafield tag="999" ind1=" " ind2=" ">
    <subfield code="c">15412</subfield>
    <subfield code="d">15412</subfield>
  </datafield>
</record>
